| 000 | 01306nam a2200325 a 4500 | ||
|---|---|---|---|
| 001 | 000115661 | ||
| 003 | CHAP | ||
| 005 | 20220329144543.0 | ||
| 008 | 190619s2019 mx a sm |||||||spa d | ||
| 010 | _a112122 | ||
| 011 | _a113094 | ||
| 040 | _cCHAP | ||
| 090 | _aTesis | ||
| 100 | 1 |
_aEncarnación Calva, Pedro. _9136205 |
|
| 245 | 1 | 0 |
_aDiagnóstico de hongos patógenos en enotipos de semilla de amaranto (Amaranthus spp.) nativas de la región de Puno, Perú / _h[En línea] _cpor Pedro Encarnación Calva y José Luis Rosillo Sánchez. |
| 260 |
_aChapingo, Méx. : _bEl autor, _c2019. |
||
| 500 | _aPara ver el contenido del material haga clic en la liga | ||
| 502 | _aTesis (Ing. Agr. Esp. en Parasitología Agrícola) -- UACH. Departamento de Parasitología Agrícola | ||
| 590 |
_aBATCH-UPD _b05 _c20190619 _lUCH01 _h1246 |
||
| 590 |
_aE8697GMM _b05 _c20190619 _lUCH01 _h1245 |
||
| 590 |
_aE8697GMM _b05 _c20190619 _lUCH01 _h1247 |
||
| 650 | 1 | 4 |
_aAmaranto _xEnfermedades por hongos. _95120 |
| 650 | 1 | 4 |
_aHongos fitopatógenos _xIdentificación. _9131720 |
| 650 | 1 | 4 |
_aSemillas _xEnfermedades por hongos. _9103899 |
| 700 | 1 |
_aRosillo Sánchez, José Luis. _9136206 |
|
| 856 |
_aFinding aid _uhttp://10.13.5.2/tesis/sist115661.pdf _zTeclea aquí |
||
| 901 | _aBK | ||
| 942 | _cTESIS | ||
| 942 | _n0 | ||
| 999 |
_c112122 _d112122 |
||